150 000 PET bottles : a book on PET bottles in architecture /

Hlavní autor: Nováková, Kateřina
Korporativní autor: České vysoké učení technické v Praze. Kabinet modelového projektování
Další autoři: Achten, Henri, 1967-
Jazyk: Angličtina
Vydáno: [Praha] : SPA - Spolek posluchačů architektury, c2014
Témata:
Fyzický popis: 116 s. : il. (převážně barev.) ; 20 cm
Knihy
Uloženo v:
LEADER 01922nam a2200505 a 4500
001 nkc20142588681
003 CZ PrNK
005 20140717101151.0
007 ta
008 140620s2014 xr a e f 000 0 eng
015 |a cnb002588681 
020 |a 978-80-905693-1-7  |q (brož.) 
035 |a (OCoLC)886603618 
040 |a ABA001  |b cze  |d OLA001 
072 7 |a 72  |x Architektura  |2 Konspekt  |9 21 
080 |a 678.06  |2 MRF 
080 |a 620.284  |2 MRF 
080 |a 691  |2 MRF 
080 |a 72.012.2  |2 MRF 
080 |a (036)  |2 MRF 
100 1 |a Nováková, Kateřina  |7 jo2014826287  |4 aut 
245 1 0 |a 150 000 PET bottles :  |b a book on PET bottles in architecture /  |c Kateřina Nováková, Henri Achten 
246 3 0 |a PET bottles 
260 |a [Praha] :  |b SPA - Spolek posluchačů architektury,  |c c2014 
300 |a 116 s. :  |b il. (převážně barev.) ;  |c 20 cm 
504 |a Obsahuje bibliografické odkazy 
550 |a Vydavatel: Molab - Faculty of Architecture, Czech Technical University in Prague 
650 0 7 |a plastové láhve  |7 ph151477  |2 czenas 
650 0 7 |a recyklované materiály  |7 ph137302  |2 czenas 
650 0 7 |a stavební materiály  |7 ph116281  |2 czenas 
650 0 7 |a architektonické projekty  |7 ph137760  |2 czenas 
650 0 9 |a plastic bottles  |2 eczenas 
650 0 9 |a recycled materials  |2 eczenas 
650 0 9 |a building materials  |2 eczenas 
650 0 9 |a architectural projects  |2 eczenas 
655 7 |a informační publikace  |7 fd132454  |2 czenas 
655 9 |a information publications  |2 eczenas 
700 1 |a Achten, Henri,  |d 1967-  |7 mzk2007363548  |4 aut 
710 2 |a České vysoké učení technické v Praze.  |b Kabinet modelového projektování  |7 ctu2012720362 
910 2 |a BOA001  |b 1-1257.177 
928 9 |a Spolek posluchačů architektury 
990 |a BK 
995 |a 01 
991 |b 201407  |c NOV  |e n 
996 6 |b 2610595626  |c 1-1257.177  |l MZK  |r Sklad / do 1 hodiny  |n 0  |p p.v.  |w 001431655  |u 000010  |a 1  |e BOA001  |j MZK50  |s P